| 000 | 00542nam a2200193 u 4500 | ||
|---|---|---|---|
| 005 | 20230310063518.0 | ||
| 008 | 090928s2004 r 000 0 eng d | ||
| 020 | _a9685720231 | ||
| 035 | _aUPN01000172696 | ||
| 049 | _aCG | ||
| 050 | 4 |
_aHQ1460.5 _bG3.4 |
|
| 100 | 1 |
_aGargallo, Francesca, _d1956- _935168 |
|
| 245 | 1 | 0 |
_aIdeas feministas latinoamericanas / _cFrancesca Gargallo. |
| 260 |
_aMéxico : _bUCM, _c2004. |
||
| 300 | _a250 p. | ||
| 440 | 0 | _aHistoria de las ideas | |
| 650 | 4 |
_aFeminismo _zAmérica Latina _98898 |
|
| 905 | _aLibro | ||
| 999 |
_c144800 _d144800 |
||